000
00264nam a22001097a 4500
008
170117b xxu||||| |||| 00| 0 eng d
020
_a
9781416026402
041
_a
eng
080
_2
4TH
_a
618.2
245
_a
UNDERSTANDING NURSING RESEARCH
_c
BURNS, N
942
_2
udc
_c
BK
999
_c
2992
_d
2992